000 00847nam a2200217 a 4500
003 0
005 20250410132053.0
008 970101s19uu xx 00 eng d
050 _aPGS DS 610
_b.R454 2004
100 _aRevi, Michael.
245 _aAwareness of grade six students of Southville International School and Colleges on the history and landmarks of Singapore (SY 2003-2004).
_cMichael Revi.
260 _aLas PiƱas City, Philippines :
_bSouthville International School and Colleges,
_c2004.
300 _a21 pages :
_billustrations ;
_c28 cm.
504 _aIncludes bibliographical references.
650 _aSingapore
_vHistory.
650 _aSingapore
_vDescription and travel.
650 _aHistoric sites
_zSingapore.
650 _aLandmarks
_zSingapore.
650 _aGeographic awareness in children.
942 _2lcc
_cPASS
999 _c97046
_d97046